Central Library OPAC University of Rajshahi

Flaming flowers : (Record no. 62466)

MARC details
000 -LEADER
fixed length control field 00977nam a2200289 a 4500
001 - CONTROL NUMBER
control field 62466
003 - CONTROL NUMBER IDENTIFIER
rucl marc code BD-RjUL
005 - DATE AND TIME OF LATEST TRANSACTION
control field 20211209081105.0
008 - FIXED-LENGTH DATA ELEMENTS--GENERAL INFORMATION
fixed length control field 170309s1986 bg b f001 0 eng
020 ## - INTERNATIONAL STANDARD BOOK NUMBER
Terms of availability Tk100.00 ($10.00 U.S.)
035 ## - SYSTEM CONTROL NUMBER
System control number (BD-RjUL)62592
040 ## - CATALOGING SOURCE
Original cataloging agency DLC
Transcribing agency DLC
Modifying agency DLC
-- BD-RjUL
Language of cataloging eng
041 ## - LANGUAGE CODE
Language code of text/sound track or separate title eng
082 00 - DEWEY DECIMAL CLASSIFICATION NUMBER
Classification number 891.441709358
Author mark and year HUF 1986
Edition number 20
100 1# - MAIN ENTRY--PERSONAL NAME
Personal name Huda, Muhammad Nurul.
9 (RLIN) 194181
245 10 - TITLE STATEMENT
Title Flaming flowers :
Remainder of title poets' response to the emergence of Bangladesh /
Statement of responsibility, etc. Mohammad Nurul Huda.
250 ## - EDITION STATEMENT
Edition statement 1st ed.
260 ## - PUBLICATION, DISTRIBUTION, ETC. (IMPRINT)
Place of publication, distribution, etc. Dhaka :
Name of publisher, distributor, etc. Bangla Academy,
Date of publication, distribution, etc. 1986.
300 ## - PHYSICAL DESCRIPTION
Pagination 240 p. ;
Size 22 cm.
500 ## - GENERAL NOTE
General note Includes index.
504 ## - BIBLIOGRAPHY, ETC. NOTE
Bibliography, etc Bibliography: p. [211]-222.
650 #0 - SUBJECT ADDED ENTRY--TOPICAL TERM
Topical term or geographic name as entry element Bengali poetry
Chronological subdivision 20th century
General subdivision History and criticism.
9 (RLIN) 194182
Topical term or geographic name as entry element Politics and literature
Geographic subdivision Bangladesh.
9 (RLIN) 194183
Topical term or geographic name as entry element Revolutionary poetry, Bengali
General subdivision History and criticism.
9 (RLIN) 194184
651 #0 - SUBJECT ADDED ENTRY--GEOGRAPHIC NAME
Geographic name Bangladesh
General subdivision In literature.
9 (RLIN) 194185
942 ## - ADDED ENTRY ELEMENTS (KOHA)
Source of classification or shelving scheme Dewey Decimal Classification
Koha item type Books
Holdings
Lost status Source of classification or shelving scheme Damaged status Not for loan Collection code Permanent Location Current Location Shelving location Date acquired Source of acquisition Cost, normal purchase price Total Checkouts Full call number Date last seen Copy number Koha item type
  Dewey Decimal Classification   Not For Loan Non-fiction Central Library, University of Rajshahi Central Library, University of Rajshahi Reading Room 25/06/1990 Bangla Academy 100.00   891.441709358 HUF 1986 11/03/2017 C-1 Books